Астрид Линдгрен (Запис номер 495621)
[ съкратено ]
| 000 -Лидер | |
|---|---|
| Лидер | 01424nam a2200349 a 4500 |
| 003 - Код на организацията, давaща контролен номер | |
| Код на организацията, даваща контролен номер | BLK |
| 005 - Дата и час на последна редакция | |
| Дата и час на последна редакция | 20250724163816.0 |
| 008 - Елементи от данни с фиксирана дължина | |
| Елементи с фиксирана дължина | 220119b bul|||||r ||||||| ||bul|| |
| 020 ## - Международен стандартен номер на книга ISBN | |
| ISBN | 9789543575916 |
| 040 ## - Източник на каталожния запис | |
| Код на библиотеката | BLK |
| 041 ## - Код за език | |
| Език | Български |
| Език за КДБФ | Български |
| 080 ## - УДК | |
| УДК текст | Немска литература |
| УДК код | 821.112.2 |
| УДК – код + определител | 821.112.2-9 |
| 080 ## - УДК | |
| УДК код | 929 Линдгрен, Астрид Ана Емилия |
| УДК – код + определител | 929 Линдгрен, Астрид Ана Емилия |
| 100 ## - Редна дума - Автор | |
| Автор | Лидер, Зузане |
| R(LIN) | 489171 |
| 245 10 - Сведения за заглавието | |
| Заглавие | Астрид Линдгрен |
| Авторска отговорност | Зузане Лидер; прев. от нем. Ваня Пенева. |
| 260 ## - Област на издателските данни | |
| Място на издаване | София |
| Име на издателя | ЕМАС |
| Година на издаване | 2023 |
| 300 ## - Физическа характеристика | |
| Брой страници | 360 с. |
| Размер | 22 см |
| 380 ## - Жанр | |
| Жанр | Худож. лит. |
| 490 ## - СЕРИИ (Колекции) | |
| Серия | Музи |
| 9 (RLIN) | 420198 |
| 600 #0 - Име на лице, използвано като предмет | |
| За него / За нея | Линдгрен, Астрид |
| Свързани дати | 1907 - 2002 |
| Пълна форма на името | Линдгрен, Астрид Анна Емилия |
| 9 (RLIN) | 245550 |
| 700 ## - Други автори (авторска отговорност) | |
| Друг автор | Пенева, Ваня Илиева |
| Дати, свързани с автора | 1957- |
| Друга информация | Преводач от немски, английски и руски език. |
| Авт. отговорност на др. автор | прев. от нем. |
| 9 (RLIN) | 363755 |
| 700 ## - Други автори (авторска отговорност) | |
| Друг автор | Вандермер, Силвия |
| 9 (RLIN) | 486079 |
| 700 ## - Други автори (авторска отговорност) | |
| Друг автор | Майереверт, Франк |
| 9 (RLIN) | 486080 |
| 852 ## - Местоположение | |
| Сигнатура (форматна) | Цб 326219 |
| 856 4# - Електронен адрес и достъп | |
| Електронен формат | pdf - файл |
| Инструкция (цена за достъп) | 0.00 |
| Права за достъп | disable |
| 856 4# - Електронен адрес и достъп | |
| Електронен формат | pdf - файл |
| Инструкция (цена за достъп) | 0.00 |
| Права за достъп | disable |
| 942 ## - АРТИКУЛИ | |
| Вид на библиотечния документ | Книги |
| Скрит в OPAC | Не |
| Koha issues (borrowed), all copies | 47 |
| Периодичен библиозапис | Да |
| 944 ## - СЪЗДАВАНЕ И РЕДАКЦИЯ на ЗАПИСА | |
| Дата на регистрацията/редакция | Нора Радева |
| Служител, извършил регистрацията/редакцията | 30531 |
| Номер на служител | Цветелина Шанова |
| 999 ## - СИСТЕМНИ КОНТРОЛНИ НОМЕРА | |
| Koha biblionumber | 495621 |
| Koha biblioitemnumber | 495621 |
| 999 ## - СИСТЕМНИ КОНТРОЛНИ НОМЕРА | |
| Koha biblioitemnumber | 495621 |
| 999 ## - СИСТЕМНИ КОНТРОЛНИ НОМЕРА | |
| Koha biblioitemnumber | 488346 |
| Код за отписване | Код за изгубен артикул | Източник на класификационната схема | Код за повреда | Код за отдаване | Артикулен № | Име на библиотеката - собственик | Име на библиотеката, в която се намира в момента | Статус (Текущо местоположение) | Дата на вписване в системата | Местоположение - отдел | Цена в лева | Инвентарен номер | Систематично азбучна сигнатура | Баркод | Цена в евро | Служебен тип на артикула | Коз за рестрикции |
|---|---|---|---|---|---|---|---|---|---|---|---|---|---|---|---|---|---|
| Не е изгубен | Universal Decimal Classification | Не е повреден | заемане за дома | 933676 | Регионална библиотека "Любен Каравелов" Русе | Регионална библиотека "Любен Каравелов" Русе | Заемна - подръчен фонд | 2023-09-26 | Заемна - подръчен фонд | 13.52 | 120000892843 | 821-9/Л 55-З | 120000892843 | 6.91 | Книги | ||
| Не е изгубен | Universal Decimal Classification | Не е повреден | заемане за дома | 946068 | Регионална библиотека "Любен Каравелов" Русе | Регионална библиотека "Любен Каравелов" Русе | Заемна - подръчен фонд | 2024-07-17 | Заемна - подръчен фонд | 19.90 | 120000911210 | 821-9/Л 55-З | 120000911210 | 10.17 | Книги | ||
| Не е изгубен | Universal Decimal Classification | Не е повреден | ползва се в читалня | 960742 | Регионална библиотека "Любен Каравелов" Русе | Регионална библиотека "Любен Каравелов" Русе | Хранилище | 2025-02-11 | Хранилище | 19.90 | 120000917864 | Цб 326219 | 120000917864 | 10.17 | Книги | само за читалня | |
| Не е изгубен | Universal Decimal Classification | Не е повреден | заемане за дома | 974640 | Регионална библиотека "Любен Каравелов" Русе | Регионална библиотека "Любен Каравелов" Русе | Заемна - подръчен фонд | 2025-06-04 | Заемна - подръчен фонд | 19.90 | 120000920114 | 821-9/Л 55-З | 120000920114 | 10.17 | Книги |